Normal view
MARC view
Entry Personal Name
001 - CONTROL NUMBER
- control field: 42161
003 - CONTROL NUMBER IDENTIFIER
- control field: dpl
005 - DATE AND TIME OF LATEST TRANSACTION
- control field: 20120215151313.0
008 - FIXED-LENGTH DATA ELEMENTS
- fixed length control field: 120215|||a|||||| | ||| d
040 ## - CATALOGING SOURCE
- Original cataloging agency: dpl
- Transcribing agency: dpl
100 ## - HEADING--PERSONAL NAME
- Personal name: अनिशा तम्पी
670 ## - SOURCE DATA FOUND
- Source citation: Work cat.: (dpl): अनिशा तम्पी, तालाब /, 2009
670 ## - SOURCE DATA FOUND
- Source citation: Work cat.: (dpl): अनिशा तम्पी, तालाब /, 2009
